| 000 | 01288nam0a22003131 4500 | ||
|---|---|---|---|
| 001 | rc\771077 | ||
| 005 | 20040301142954.8 | ||
| 035 | _a(NLR Aleph) 006297732 | ||
| 090 |
_a7218291 _c7218291 |
||
| 100 | _a20040301d1983 u |0rusy50 ca | ||
| 101 | 0 | _arus | |
| 102 | _aRU | ||
| 105 | _aa ||||||||| | ||
| 200 | 1 |
_aК вопросу об увеличении яркости при удвоении частоты лазерного излучения _fВ.С. Авербах, А.И. Макаров, А.К. Потемкин |
|
| 210 |
_aГорький _cИПФ _d1983 |
||
| 215 |
_a22 с. _cил. _d30 |
||
| 225 | 1 |
_aПрепринт _fАН СССР, Ин-т прикл. физики _v№ 89 |
|
| 300 | _aНа обл. только загл. сер. | ||
| 300 | _aРез. на англ. яз. | ||
| 320 | _aБиблиогр.: с. 20-21 | ||
| 700 | 1 |
_aАвербах _bВ. С. _gВячеслав Саввич |
|
| 701 | 1 |
_aМакаров _bА. И. _gАлександр Игоревич |
|
| 701 | 1 |
_aПотемкин _bА. К. _gАнатолий Константинович |
|
| 712 | 0 | 2 |
_aИнститут прикладной физики _cГорьки _3RU\NLR\AUTH\8820952 |
| 801 | 0 |
_aRU _bNLR _gpsbo |
|
| 801 | 1 |
_aRU _bELAR _2rusmarc |
|
| 852 |
_aNLR _j84-8/707 |
||
| 942 | _cBOOK | ||
| 980 | _aNB | ||